Introduction to financial derivatives with Python / (Record no. 52495)

MARC details
000 -LEADER
fixed length control field 00741nam a2200265Ia 4500
005 - DATE AND TIME OF LATEST TRANSACTION
control field 20260429112128.0
008 - FIXED-LENGTH DATA ELEMENTS--GENERAL INFORMATION
fixed length control field 260429s9999||||xx |||||||||||||| ||und||
020 ## - INTERNATIONAL STANDARD BOOK NUMBER
International Standard Book Number 9781032983585
041 ## - LANGUAGE CODE
Language English
082 ## - DEWEY DECIMAL CLASSIFICATION NUMBER
Classification number 332.64
Item number ALO
100 ## - MAIN ENTRY--PERSONAL NAME
Personal name Alos, Elisa
245 #0 - TITLE STATEMENT
Title Introduction to financial derivatives with Python /
Statement of responsibility, etc Elisa Alos
250 ## - EDITION STATEMENT
Edition statement 1st ed.
260 ## - PUBLICATION, DISTRIBUTION, ETC. (IMPRINT)
Place of publication, distribution, etc Boca Raton :
Name of publisher, distributor, etc CRC Press,
Date of publication, distribution, etc 2025.
300 ## - PHYSICAL DESCRIPTION
Extent xxiii, 228 p.; pbk
440 ## - SERIES STATEMENT/ADDED ENTRY--TITLE
Title Chapman and Hall/CRC financial mathematics series
650 ## - SUBJECT ADDED ENTRY--TOPICAL TERM
Topical term or geographic name as entry element Python
650 ## - SUBJECT ADDED ENTRY--TOPICAL TERM
Topical term or geographic name as entry element Derivative securities
700 ## - ADDED ENTRY--PERSONAL NAME
Personal name Cont, Rama
700 ## - ADDED ENTRY--PERSONAL NAME
Personal name Jarrow, Robert A.
700 ## - ADDED ENTRY--PERSONAL NAME
Personal name Madan, Dilip
700 ## - ADDED ENTRY--PERSONAL NAME
Personal name Merino, Raul
700 ## - ADDED ENTRY--PERSONAL NAME
Personal name Dempster, M. A. H.
942 ## - ADDED ENTRY ELEMENTS (KOHA)
Koha item type Text Books
Holdings
Withdrawn status Lost status Damaged status Not for loan Collection code Home library Location Shelving location Date of Cataloging Source of acquisition Total Checkouts Full call number Barcode Date last seen Price effective from Koha item type
        Non-fiction CUTN Central Library CUTN Central Library Social Sciences 29/04/2026 TBH Library Book Suppliers, Chennai - Invoice No. SINV00732 on 09-02-2026   332.64 ALO 57587 29/04/2026 29/04/2026 Text Books